000 00936nam a22002417a 4500
999 _c16825
_d16825
003 AR-CdUCM
008 190506b ||||| |||| 00| 0 spa d
040 _aMUNICIPALIDAD PROVINCIAL DEL CUSCO
_cBIBLIOTECA MUNICIPAL DEL CUSCO
082 _a869.5 /
_bT17 / 1965
100 _aTamayo Vargas, Augusto
_91952
245 _aLiteratura Peruana /
260 _aLima :
_bUniversidad Nacional Mayor de San Marcos,
_c1965.
300 _a409 - 893 páginas ;
_c24 cm.
440 _aSerie Textos Universitarios.
_936507
505 _aContenido: t.2: Costumbrismo y romanticismo -- Realismo y modernismo -- Del postmodernismo -- Medio siglo de literatura Peruana última.
650 _aLiteratura peruana
_9169
650 _aCantares
_97522
650 _aLos cronistas
_97524
650 _aLiteratura dramática
_97523
710 _aUniversidad Nacional Mayor de San Marcos - Lima
_936508
942 _2ddc
_cLIBROS
945 _aachl
_d2019-05-06